000 00807nam a2200289Ia 4500
001 C0520
003 IT-RoPAU
008 130308s9999 xx 000 0 und d
040 _aIT-RoPAU
040 _cIT-RoPAU
041 _aITALIANO
100 _aBergala Alain
100 _gCodice Aut. SPICS: 9309
245 _aNota sulla tecnica agli inizi della nouvelle vague
245 _bNouvelle Vague
250 _a2a ed.
260 _aTORINO
260 _bLindau
260 _c1993 [1° Ed.:1993 - Ed.Ling.Originale:1993]
300 _a"5 p. (prefazione: no ; testo: 5 [pagine: 32-36])"
500 _aRitardo del Sonoro. Nuova Immagine. Pellicole e Formati.
650 _aMANIFESTAZIONI CINEMATOGRAFICHE
650 _eCodice materia Spics: 6815
942 _cBK
957 _71
999 _c84271
_d84271
999 _g1